|
|
|
|
| LEADER |
00000nam0a2200000 4500 |
| 001 |
102130 |
| 005 |
20231101214416.0 |
| 035 |
|
|
|a (RuTPU)RU\TPU\book\110131
|
| 090 |
|
|
|a 102130
|
| 100 |
|
|
|a 20060920d1971 m y0rusy50 ca
|
| 101 |
0 |
|
|a rus
|
| 102 |
|
|
|a RU
|
| 105 |
|
|
|a a z 000zy
|
| 200 |
1 |
|
|a Обогатительное оборудование
|e сборник
|f Научно-исследовательский институт информации по тяжелому, энергетическому и транспортному машиностроению
|
| 210 |
|
|
|a Москва
|d 1971
|
| 215 |
|
|
|a 31 с.
|c ил.
|
| 225 |
1 |
|
|a Угольное и горнорудное машиностроение
|v 2-71-15
|
| 610 |
1 |
|
|a обогатительное оборудование
|
| 610 |
1 |
|
|a сборники
|
| 675 |
|
|
|a 622.7.002.5
|v 3
|
| 712 |
0 |
2 |
|a Научно-исследовательский институт информации по тяжелому, энергетическому и транспортному машиностроению
|2 stltpush
|3 (RuTPU)RU\TPU\col\8030
|9 24456
|
| 801 |
|
1 |
|a RU
|b 63413507
|c 20060920
|g PSBO
|
| 801 |
|
2 |
|a RU
|b 63413507
|c 20080408
|g PSBO
|
| 942 |
|
|
|c BK
|